Mass communication theories and research

The book discusses scientific method and theory; explains concepts which will be needed to evaluate and understand mass communication research.

Uloženo v:
Podrobná bibliografie
Hlavní autor: Tan, Alexis S.
Médium: Kniha
Jazyk:Undetermined
Vydáno: Columbus, Ohio Grid 1980
Témata:
Tagy: Přidat tag
Žádné tagy, Buďte první, kdo otaguje tento záznam!
Thư viện lưu trữ: Trung tâm Học liệu Trường Đại học Cần Thơ
LEADER 00649nam a2200193Ia 4500
001 CTU_40846
008 210402s9999 xx 000 0 und d
082 |a 302.23 
082 |b T161 
100 |a Tan, Alexis S. 
245 0 |a Mass communication theories and research 
245 0 |c Alexis S. Tan 
260 |a Columbus, Ohio 
260 |b Grid 
260 |c 1980 
520 |a The book discusses scientific method and theory; explains concepts which will be needed to evaluate and understand mass communication research. 
650 |a Communication,Mass media 
904 |i Minh, 010412 
980 |a Trung tâm Học liệu Trường Đại học Cần Thơ